[Event "AUTO-OPEN-1869"]
[Site "http://www.queenalice.com/game.php?id=727235"]
[Date "2010.2.6"]
[Round "1"]
[White "Balneolais"]
[Black "razoman"]
[Result "0-1"]
[WhiteElo "1006"]
[BlackElo "1863"]

1. Nf3 Nf6 2. c4 g6 3. Nc3 Bg7 4. e4 O-O 5. d3 Nc6 6. Be2 d6 7. O-O Bg4 8. Be3
Bxf3 9. Bxf3 Nd7 10. Qd2 Nd4 11. Bd1 c6 12. Bh6 Ne5 13. Bxg7 Kxg7 14. f4 Nd7 15.
Ne2 Qb6 16. Qc3 e5 17. fxe5 Nxe2+ 0-1

[Event "Challenge"]
[Site "http://www.queenalice.com/game.php?id=727282"]
[Date "2010.2.6"]
[Round "-"]
[White "Balneolais"]
[Black "schmooster"]
[Result "0-1"]
[WhiteElo "1005"]
[BlackElo "1501"]

1. Nf3 c6 2. c4 d5 3. cxd5 cxd5 4. d4 e6 5. a3 Nf6 6. Bg5 Qa5+ 7. Bd2 Qc7 8. e3
Be7 9. Nc3 Bd7 10. Rc1 Bc6 11. Bb5 a6 12. Bxc6+ Nxc6 13. O-O Bd6 14. g3 b5 15.
b4 h6 16. Nb1 Nh7 17. Qe2 Ng5 18. Nxg5 hxg5 19. f4 gxf4 20. exf4 Qb6 21. Be3
Nxd4 22. Qf2 e5 23. fxe5 Bxe5 24. Qxf7+ Kd8 25. Bg5+ Bf6 26. Bxf6+ gxf6 27.
Qxd5+ Ke7 28. Rfe1+ Ne6+ 0-1

[Event "Challenge"]
[Site "http://www.queenalice.com/game.php?id=727283"]
[Date "2010.2.6"]
[Round "-"]
[White "charles31"]
[Black "Balneolais"]
[Result "0-1"]
[WhiteElo "1864"]
[BlackElo "1006"]

1. e4 e5 2. Nf3 Nc6 3. a3 a6 4. Nc3 Nf6 5. Bc4 h6 6. d4 exd4 7. Nxd4 Nxd4 8.
Qxd4 d6 9. O-O Be7 10. Nd5 b5 11. Nxf6+ Bxf6 12. Bxf7+ Kxf7 13. Qd3 Be6 14. f4
Bc4 15. Qg3 Bxf1 16. Kxf1 Re8 17. Qf3 Kg8 18. c3 Qe7 19. Bd2 Qxe4 20. Qxe4 Rxe4
21. g3 Rae8 22. Re1 Rxe1+ 23. Bxe1 c5 24. Bd2 c4 25. f5 h5 26. h4 Kf7 27. Kf2
Re4 28. Kf3 Rg4 29. Bf4 d5 30. Ke3 g6 31. fxg6+ Kxg6 32. Kf3 Kf5 33. Bh6 Be5 34.
Bf4 Bxf4 35. gxf4 Rxf4+ 36. Kg3 Rg4+ 0-1

[Event "Challenge"]
[Site "http://www.queenalice.com/game.php?id=727284"]
[Date "2010.2.6"]
[Round "-"]
[White "Balneolais"]
[Black "crisvolei"]
[Result "0-1"]
[WhiteElo "1006"]
[BlackElo "1534"]

1. Nf3 d5 2. d4 Nf6 3. a3 Ne4 4. e3 Bg4 5. Be2 e6 6. c4 c5 7. cxd5 Qxd5 8. dxc5
Qxc5 9. Bd2 Nc6 10. Nc3 Nxf2 11. Kxf2 f5 12. Nd4 e5 13. Nxc6 bxc6 14. Bxg4 fxg4
15. Qxg4 Rd8 16. Rad1 h5 17. Qg6+ Kd7 18. Bc1+ Bd6 19. Ne4 Qc2+ 20. Ke1 Kc7 0-1

[Event "Challenge"]
[Site "http://www.queenalice.com/game.php?id=727298"]
[Date "2010.2.6"]
[Round "-"]
[White "filou"]
[Black "Balneolais"]
[Result "1-0"]
[WhiteElo "1378"]
[BlackElo "1006"]

1. Nc3 f5 2. d4 d5 3. e4 fxe4 4. Qh5+ g6 5. Qxd5 Qxd5 6. Nxd5 Kd7 7. Bf4 Na6 8.
f3 exf3 9. Nxf3 Bg7 10. a3 c6 11. Nc3 Nf6 12. h3 Ke8 13. O-O-O 1-0

[Event "AUTO-OPEN-1870"]
[Site "http://www.queenalice.com/game.php?id=727623"]
[Date "2010.2.7"]
[Round "1"]
[White "Balneolais"]
[Black "Fernandoventura"]
[Result "0-1"]
[WhiteElo "1006"]
[BlackElo "1866"]

1. Nf3 Nf6 2. c4 e6 3. a3 Be7 4. Nc3 c5 5. e4 Nc6 6. d3 d5 7. exd5 exd5 8. cxd5
Nxd5 9. Bd2 O-O 10. Be2 Bf5 11. O-O h6 12. Ne1 Nb6 13. h3 Bf6 14. Nf3 Bxd3 15.
Bxd3 Qxd3 16. Be3 Qxd1 17. Raxd1 Bxc3 18. bxc3 Na4 19. c4 Rad8 20. Rd5 b6 21.
Rfd1 Nc3 22. Rxd8 Rxd8 23. Rxd8+ Nxd8 24. Nd2 Nb7 25. Nb3 Nd6 26. Bd2 Nce4 0-1

[Event "AUTO-OPEN-1870"]
[Site "http://www.queenalice.com/game.php?id=727624"]
[Date "2010.2.7"]
[Round "1"]
[White "Fernandoventura"]
[Black "Balneolais"]
[Result "1-0"]
[WhiteElo "1866"]
[BlackElo "1006"]

1. d4 d5 2. c4 e6 3. Nc3 Nf6 4. Nf3 c6 5. Bf4 Nbd7 6. e3 Be7 7. Qc2 O-O 8. Bd3
g6 9. g4 dxc4 10. Bxc4 b5 11. Bd3 Bb7 12. Bh6 Re8 13. Rg1 Bf8 14. Bxf8 Kxf8 15.
Rd1 a6 16. Ne5 Nd5 17. Nxd5 cxd5 18. Nxd7+ Qxd7 19. Qc5+ Kg8 20. h4 Rac8 21. Qb4
Qe7 22. Qxe7 Rxe7 23. Kd2 Rec7 24. h5 g5 25. f4 f6 26. Rdf1 h6 27. fxg5 fxg5 28.
Rf6 Kg7 29. Rxe6 Rf7 30. Rg6+ 1-0

[Event "AUTO-OPEN-1871"]
[Site "http://www.queenalice.com/game.php?id=727964"]
[Date "2010.2.8"]
[Round "1"]
[White "Ettedualc"]
[Black "Balneolais"]
[Result "1-0"]
[WhiteElo "1797"]
[BlackElo "1001"]

1. g4 d5 2. Bg2 Bxg4 3. c4 e6 4. cxd5 exd5 5. Qb3 c6 6. Qxb7 Nd7 7. Qxc6 Nf6 8.
Bxd5 Rc8 9. Qxc8 Qxc8 10. Nc3 Nxd5 11. Nxd5 Be6 12. Nf4 Nf6 13. Nxe6 Qxe6 14. d3
Bb4+ 15. Bd2 Bxd2+ 16. Kxd2 O-O 17. h4 Ng4 18. f3 Qh6+ 19. Ke1 Nf6 20. Nh3 1-0

[Event "AUTO-OPEN-1871"]
[Site "http://www.queenalice.com/game.php?id=727965"]
[Date "2010.2.8"]
[Round "1"]
[White "Balneolais"]
[Black "Ettedualc"]
[Result "0-1"]
[WhiteElo "1006"]
[BlackElo "1795"]

1. Nf3 d6 2. d4 g6 3. c4 Bg7 4. Nc3 Nf6 5. e4 O-O 6. Be2 a6 7. O-O c5 8. d5 Ng4
9. h3 Ne5 10. Be3 Nxf3+ 11. Bxf3 Bxc3 12. bxc3 e5 13. Be2 Qa5 14. Bd2 Bd7 15. f4
Ba4 16. Qc1 f6 17. fxe5 fxe5 18. Rxf8+ Kxf8 19. Qf1+ Kg8 20. Qf6 Qc7 21. Rf1 Qg7
22. Qe6+ Kh8 23. Qe8+ Bxe8 0-1

[Event "Challenge"]
[Site "http://www.queenalice.com/game.php?id=728674"]
[Date "2010.2.9"]
[Round "-"]
[White "Balneolais"]
[Black "ArzadSharlaan"]
[Result "0-1"]
[WhiteElo "981"]
[BlackElo "1100"]

1. Nf3 d5 2. d4 Bf5 3. a3 Nf6 4. Bf4 Nc6 5. h3 e6 6. e3 Bd6 7. Bxd6 Qxd6 8. c4
O-O 9. cxd5 exd5 10. Bd3 Be4 11. O-O Rae8 12. Nc3 a6 0-1